Statistiques concernant Peintres

Cliquez ici pour prendre le quiz!

Statistiques générales

  • Ce quiz a été pris 950 fois
    (949 depuis la dernière actualisation)
  • Le résultat moyen est 15 sur 28

Statistiques - réponses

HintRéponse% Correct
Déjeuner sur l'herbeManet
86%
Vase avec douze tournesolsVan Gogh
86%
Les demoiselles d'AvignonPicasso
84%
La liberté guidant le peupleDelacroix
82%
Les coquelicotsMonet
82%
Le criMunch
72%
Femmes de TahitiGauguin
71%
La création d'AdamMichel-Ange
66%
Le radeau de la méduseGéricault
65%
La naissance de VénusBotticelli
62%
Le sacre de NapoléonJacques-Louis David
59%
La laitièreVermeer
59%
La Vierge, l’Enfant Jésus et sainte AnneDe Vinci
57%
Mont Sainte-VictoireCézanne
53%
Fusillades du 3 maiGoya
53%
La leçon d'anatomie du docteur TulpRembrandt
52%
MarilynWarhol
52%
Le moulin rougeToulouse-Lautrec
48%
La tentation de Saint AntoineDali
46%
Les parapluiesRenoir
46%
Les trois grâcesRaphaël
38%
La trahison des imagesMagritte
35%
Les noces de CanaVéronèse
32%
L'enlèvement des filles de LeucippusRubens
25%
Bacchus et ArianeTitien
20%
Le grand canal, VeniseTurner
15%
La tour de BabelBrueghel
14%
Allégorie sur la victoire à LepanteEl Greco
9%

Distribution des résultats

Percentile par nombre de réponses

% des personnes avec chaque résultat

Votre développement - résultats

Vous n’avez pas pris ce quiz depuis la dernière actualisation